Slovenská literatúra pre trojročné učebné odbory SOU s vyučovacím jazykom maďarským

Podrobná bibliografia
Hlavný autor: Répássyová, Elena (Autor)
Médium: Kniha
Jazyk:slovenčina
Fyzický popis:197 strán ilustrácie 21 cm
Vydavateľské údaje: Bratislava Slovenské pedagogické nakladateľstvo 1999
ISBN:8008030275
Vydanie:3. vyd.
Predmet:

MARC

LEADER 00000cam a2200000 a 4500
001 vtls001373527
003 SK-MaSNL
005 20260301115402.0
008 240801s1999 xo a dr 00000 slo
015 |a SNBA2000/01-00101 
020 |a 8008030275 
035 |a SNK000327394 
035 |a urn:nbn:sk:snk-amkk3b 
035 |a urn:nbn:sk:snk-am003al0 
035 |a 7696D235-2380-4AF5-AE9B-0D931D1A0366 
040 |a SNK  |b slo  |c SNK  |e AACR2 
041 0 |a slo 
044 |a xo  |c SK 
072 7 |a 82  |x Literatúra. Literárny život  |2 konspekt 
072 7 |a 37.016  |x Učebné osnovy. Vyučovacie predmety. Učebnice  |2 konspekt 
080 |a 82(091):885.4(075.3)  |2 1981 
080 |a 885.4(091)(075.3)  |2 1981 
080 |a 821.162.4  |2 2011 
080 |a 37.016:82  |2 2011 
080 |a (075.3)  |2 2001 
100 1 |a Répássyová, Elena  |4 aut  |9 243306 
245 1 0 |a Slovenská literatúra pre trojročné učebné odbory SOU s vyučovacím jazykom maďarským  |c Elena Répássyová 
250 |a 3. vyd. 
260 |a Bratislava  |b Slovenské pedagogické nakladateľstvo  |c 1999 
300 |a 197 strán  |b ilustrácie  |c 21 cm 
650 0 7 |a slovenská literatúra  |2 SNKPH  |9 1115 
650 0 7 |a literárna výchova  |2 SNKPH  |9 1653 
655 7 |a učebnice učňovských škôl  |2 SNKPH  |9 166734 
852 |a Slovenská národná knižnica 
919 |a 80-08-03027-5 
954 |a odborná, vedecká literatúra pôvodná (slovenská)  |2 lita 
999 |c 722020  |d 723950 
952 |t P60, <03>, [BOOK], {603}  |a SNK  |b SNK  |y PREZ  |7 0  |p 17A0212493  |o snkSC 99682  |i snkKSP 9578/99  |0 0  |1 0  |4 0  |d 1999-10-01  |f 1  |l 0  |r 2025-09-19 00:00:00  |w 2026-02-23 
952 |t P60, <04>, [BOOK], {604}  |a SNK  |b SNK  |y VYP  |7 0  |p 17A0212494  |o snkSC 99682 D1  |i snkKSP 9579/99  |0 0  |1 0  |4 0  |d 1999-10-01  |l 0  |r 2005-01-02 00:00:00  |w 2026-02-23 
952 |t P60, <09>, [BOOK], {629}  |a SNK  |b SNK  |y NEVYP  |7 0  |o snkC 635  |i snk1198/991011  |0 0  |1 0  |4 0  |d 1999-10-01  |l 0  |r 2005-01-02 00:00:00  |w 2026-02-23